Statistics for Hard-To-Crack Riddles

Click here to take the quiz!

General Stats

  • This quiz has been taken 103 times
    (55 since last reset)
  • The average score is 8 of 12

Answer Stats

HintAnswer% Correct
It belongs to you, but other people use it more than you do. What is it?Name
91%
What can you catch, but not throw?A Cold
89%
I’m light as a feather, yet the strongest person can’t hold me for five minutes. What am I?Breath
77%
I’m tall when I’m young, and I’m short when I’m old. What am I?Candle
77%
What can you break, even if you never pick it up or touch it?A Promise | A heart
72%
What runs all around the backyard, but never moves?A Fence
70%
What has to be broken before you can use it?Egg
70%
What kind of band never sings?Rubber band | Waistband
66%
What can’t talk but will reply when spoken to?An Echo
57%
What is always in front of you but can’t be seen?Future
55%
What question can you never answer yes to?Are you asleep | Are you sleeping
53%
What is black when it’s clean and white when it’s dirty?A Chalkboard
47%

Score Distribution

Percentile by Number Answered

Percent of People with Each Score

Your Score History

You have not taken this quiz since the last reset